| 000 | 00592nam a2200229Ia 4500 | ||
|---|---|---|---|
| 003 | OSt | ||
| 005 | 20221007075632.0 | ||
| 006 | a|||||r|||| 00| 0 | ||
| 007 | ta | ||
| 008 | 221006b |||||||| |||| 00| 0 eng d | ||
| 024 | _a11,575 | ||
| 037 | _cTextual | ||
| 040 |
_aFLL _cFLL _beng |
||
| 041 |
_2eng _aeng |
||
| 082 | _aW:2, N6 | ||
| 100 |
_aVarma U.P. Au. _9694064 |
||
| 245 | 0 | _aLaw legislature and judiciary | |
| 260 |
_aNew Delhi _bMittal pub. India _c1996 |
||
| 300 |
_axiv,171p _ccm. |
||
| 942 |
_hW:2, N6 _cTEXL _2CC |
||
| 999 |
_c1156822 _d1156822 |
||